| 000 | 00763nam0a22002651 4500 | ||
|---|---|---|---|
| 001 | v19\rc\1751761 | ||
| 005 | 20260406061604.0 | ||
| 035 | _a(NLR Aleph) 004855634 | ||
| 090 |
_a4962461 _c4962461 |
||
| 100 | _a20061204d1904 |||y0rusy50 ca | ||
| 101 | 0 | _arus | |
| 102 | _aRU | ||
| 105 | _ay z ||||| | ||
| 200 | 1 | _aСтарец Феодор Кузьмич | |
| 205 | _a2-е изд. | ||
| 210 |
_aСанкт-Петербург _cТ.Ф. Кузин _d1904 |
||
| 215 | _a31 с. | ||
| 702 | 0 |
_4570 _8rus _7ca _aФедор Кузьмич _cстарец _f-1864 _3RU\NLR\AUTH\7711798 _9121538 |
|
| 801 | 0 |
_aRU _bNLR _gpsbo |
|
| 801 | 0 |
_aRU _bRuMoRGB _2psbo |
|
| 801 | 1 |
_aRU _bProSoft-M _2rusmarc |
|
| 852 |
_aNLR _j34.83.5.581 |
||
| 942 | _cBOOK | ||
| 980 | _aNB | ||